MEDICAL SURGICAL NURSING -2 (Record no. 1963)
[ view plain ]
| 000 -LEADER | |
|---|---|
| fixed length control field | 00341nam a2200145Ia 4500 |
| 008 - FIXED-LENGTH DATA ELEMENTS--GENERAL INFORMATION | |
| fixed length control field | 150201s2009 xx 000 0 und d |
| 082 ## - DEWEY DECIMAL CLASSIFICATION NUMBER | |
| Classification number | 610.7367 |
| Item number | M09B |
| 100 ## - MAIN ENTRY--PERSONAL NAME | |
| Personal name | BLACK , JOYCE M. |
| 245 ## - TITLE STATEMENT | |
| Title | MEDICAL SURGICAL NURSING -2 |
| 250 ## - EDITION STATEMENT | |
| Edition statement | 8TH |
| 260 ## - PUBLICATION, DISTRIBUTION, ETC. (IMPRINT) | |
| Name of publisher, distributor, etc. | ELSEVIER |
| Place of publication, distribution, etc. | INDIA |
| Date of publication, distribution, etc. | 2009 |
| 300 ## - PHYSICAL DESCRIPTION | |
| Extent | 2218 |
| 650 ## - SUBJECT ADDED ENTRY--TOPICAL TERM | |
| Topical term or geographic name as entry element | SURGERY |
| 942 ## - ADDED ENTRY ELEMENTS (KOHA) | |
| Source of classification or shelving scheme | Dewey Decimal Classification |
| Koha item type | Books |
| Withdrawn status | Lost status | Source of classification or shelving scheme | Damaged status | Not for loan | Collection code | Home library | Current library | Shelving location | Date acquired | Source of acquisition | Serial Enumeration / chronology | SGTU | Bill Number | Total Checkouts | Full call number | Barcode | Date last seen | Bill Date | Koha item type | Date last checked out |
|---|---|---|---|---|---|---|---|---|---|---|---|---|---|---|---|---|---|---|---|---|
| Dewey Decimal Classification | Not For Loan | NURSING | SGT Medical Library | SGT Medical Library | Reference Book | 19/04/2012 | UBS DELHI | II | SGTU | 46 | 610.7367 M09B | FN477 | 09/02/2015 | 19/04/2012 | Books | |||||
| Dewey Decimal Classification | NURSING | SGT Medical Library | SGT Medical Library | Reference Book | 28/01/2013 | NBM DELHI | II | SGTU | 1345 | 1 | 610.73677 M12B | FN911 | 02/08/2019 | 28/01/2013 | Books | 19/07/2019 |